<?xml version="1.0" encoding="UTF-8"?>
<collection xmlns="http://www.loc.gov/MARC21/slim">
 <record>
  <leader>01474nam a2200301 a 4500</leader>
  <controlfield tag="001">3856</controlfield>
  <controlfield tag="003">BD-DhAAL</controlfield>
  <controlfield tag="005">20150324102225.0</controlfield>
  <controlfield tag="008">150324s1995    mdua     b    001 0 eng  </controlfield>
  <datafield tag="010" ind1=" " ind2=" ">
   <subfield code="a">   95006406 </subfield>
  </datafield>
  <datafield tag="020" ind1=" " ind2=" ">
   <subfield code="a">1557661758 (alk. paper)</subfield>
  </datafield>
  <datafield tag="040" ind1=" " ind2=" ">
   <subfield code="a">DLC</subfield>
   <subfield code="c">DLC</subfield>
   <subfield code="d">DLC</subfield>
   <subfield code="d">BD-DhAAL</subfield>
  </datafield>
  <datafield tag="050" ind1="0" ind2="0">
   <subfield code="a">LC4806.4</subfield>
   <subfield code="b">.C45 1995</subfield>
  </datafield>
  <datafield tag="082" ind1="0" ind2="0">
   <subfield code="a">371.91</subfield>
   <subfield code="2">20</subfield>
  </datafield>
  <datafield tag="245" ind1="0" ind2="0">
   <subfield code="a">Children, families, and substance abuse :</subfield>
   <subfield code="b">challenges for changing educational and social outcomes /</subfield>
   <subfield code="c">G. Harold Smith ... [et al.].</subfield>
  </datafield>
  <datafield tag="260" ind1=" " ind2=" ">
   <subfield code="a">Baltimore, Md. :</subfield>
   <subfield code="b">P.H. Brookes Publishing Co.,</subfield>
   <subfield code="c">c1995.</subfield>
  </datafield>
  <datafield tag="300" ind1=" " ind2=" ">
   <subfield code="a">xxxv, 268 p. :</subfield>
   <subfield code="b">ill. ;</subfield>
   <subfield code="c">23 cm.</subfield>
  </datafield>
  <datafield tag="504" ind1=" " ind2=" ">
   <subfield code="a">Includes bibliographical references and index.</subfield>
  </datafield>
  <datafield tag="541" ind1=" " ind2=" ">
   <subfield code="e">3856</subfield>
  </datafield>
  <datafield tag="650" ind1=" " ind2="0">
   <subfield code="a">Children of prenatal alcohol abuse</subfield>
   <subfield code="x">Education</subfield>
   <subfield code="z">United States.</subfield>
   <subfield code="9">10074</subfield>
  </datafield>
  <datafield tag="650" ind1=" " ind2="0">
   <subfield code="a">Children of prenatal alcohol abuse</subfield>
   <subfield code="z">United States</subfield>
   <subfield code="x">Social conditions.</subfield>
   <subfield code="9">10075</subfield>
  </datafield>
  <datafield tag="650" ind1=" " ind2="0">
   <subfield code="a">Children of prenatal substance abuse</subfield>
   <subfield code="x">Education</subfield>
   <subfield code="z">United States.</subfield>
   <subfield code="9">10076</subfield>
  </datafield>
  <datafield tag="650" ind1=" " ind2="0">
   <subfield code="a">Children of prenatal substance abuse</subfield>
   <subfield code="z">United States</subfield>
   <subfield code="x">Social conditions.</subfield>
   <subfield code="9">10077</subfield>
  </datafield>
  <datafield tag="700" ind1="1" ind2=" ">
   <subfield code="a">Smith, G. Harold.</subfield>
   <subfield code="9">10078</subfield>
  </datafield>
  <datafield tag="942" ind1=" " ind2=" ">
   <subfield code="2">ddc</subfield>
   <subfield code="c">BK</subfield>
  </datafield>
  <datafield tag="999" ind1=" " ind2=" ">
   <subfield code="c">34148</subfield>
   <subfield code="d">34148</subfield>
  </datafield>
  <datafield tag="952" ind1=" " ind2=" ">
   <subfield code="0">0</subfield>
   <subfield code="1">0</subfield>
   <subfield code="2">ddc</subfield>
   <subfield code="4">0</subfield>
   <subfield code="6">371_910000000000000_SMI</subfield>
   <subfield code="7">0</subfield>
   <subfield code="9">53280</subfield>
   <subfield code="a">SCL</subfield>
   <subfield code="b">SCL</subfield>
   <subfield code="c">GEN</subfield>
   <subfield code="d">2015-03-24</subfield>
   <subfield code="e">Gift: The Asia Foundation</subfield>
   <subfield code="l">0</subfield>
   <subfield code="o">371.91 SMI</subfield>
   <subfield code="p">3020003856</subfield>
   <subfield code="r">2015-03-24</subfield>
   <subfield code="t">1</subfield>
   <subfield code="w">2015-03-24</subfield>
   <subfield code="y">BK</subfield>
  </datafield>
  <datafield tag="952" ind1=" " ind2=" ">
   <subfield code="0">0</subfield>
   <subfield code="1">0</subfield>
   <subfield code="2">ddc</subfield>
   <subfield code="4">0</subfield>
   <subfield code="6">371_910000000000000_SMI</subfield>
   <subfield code="7">0</subfield>
   <subfield code="9">53281</subfield>
   <subfield code="a">SCL</subfield>
   <subfield code="b">SCL</subfield>
   <subfield code="c">GEN</subfield>
   <subfield code="d">2015-03-24</subfield>
   <subfield code="e">Gift: The Asia Foundation</subfield>
   <subfield code="l">0</subfield>
   <subfield code="o">371.91 SMI</subfield>
   <subfield code="p">3020000365</subfield>
   <subfield code="r">2015-03-24</subfield>
   <subfield code="t">2</subfield>
   <subfield code="w">2015-03-24</subfield>
   <subfield code="y">BK</subfield>
  </datafield>
 </record>
</collection>
